Stratégia medzinárodného podnikania

Gespeichert in:
Bibliographische Detailangaben
1. Verfasser: Michník, Ľubomír
Körperschaft: Ekonomická univerzita v Bratislave. Obchodná fakulta
Format: Buch
Sprache:Slowakisch
Veröffentlicht: Bratislava EU 1994
Ausgabe:1. vyd.
Schlagworte:
Tags: Tag hinzufügen
Keine Tags, Fügen Sie das erste Tag hinzu!

MARC

LEADER 00000nam a2200000 4500
001 c005831
005 20221214074920.8
020 |a 80-225-0596-X 
041 0 |a slo 
044 |a SK 
245 1 0 |a Stratégia medzinárodného podnikania  |c Ľubomír Michník a kol. 
250 |a 1. vyd. 
264 1 |a Bratislava  |b EU  |c 1994 
300 |a 221 s. 
610 2 0 |a podnikanie v zahraničí 
610 2 0 |a stratégia hospodárska 
610 2 0 |a vzťahy hospodárske medzinárodné 
610 2 0 |a trh zahraničný 
610 2 0 |a obchod zahraničný 
100 1 |a Michník, Ľubomír 
710 2 |a Ekonomická univerzita v Bratislave. Obchodná fakulta